<?xml version="1.0" encoding="UTF-8"?>
<record
    xmlns:xsi="http://www.w3.org/2001/XMLSchema-instance"
    xsi:schemaLocation="http://www.loc.gov/MARC21/slim http://www.loc.gov/standards/marcxml/schema/MARC21slim.xsd"
    xmlns="http://www.loc.gov/MARC21/slim">

  <leader>02003nam a2200241Ia 4500</leader>
  <controlfield tag="003">OSt</controlfield>
  <controlfield tag="005">20251117112346.0</controlfield>
  <controlfield tag="008">210210b2008   xxu||||| |||| 00| 0 eng d</controlfield>
  <datafield tag="040" ind1=" " ind2=" ">
    <subfield code="c">AL</subfield>
  </datafield>
  <datafield tag="041" ind1=" " ind2=" ">
    <subfield code="a">eng</subfield>
  </datafield>
  <datafield tag="082" ind1=" " ind2=" ">
    <subfield code="a">158.1K NELA</subfield>
  </datafield>
  <datafield tag="100" ind1=" " ind2=" ">
    <subfield code="a">NELLIKERE VIJAYAKUMAR</subfield>
    <subfield code="d">&#xCA8;&#xCC6;&#xCB2;&#xCCD;&#xCB2;&#xCBF;&#xC95;&#xCC6;&#xCB0;&#xCC6; &#xCB5;&#xCBF;&#xC9C;&#xCAF;&#xC95;&#xCC1;&#xCAE;&#xCBE;&#xCB0;&#xCCD;</subfield>
    <subfield code="9">169259</subfield>
  </datafield>
  <datafield tag="245" ind1=" " ind2=" ">
    <subfield code="a">Ashistininda badukiri, arogyavagiri</subfield>
    <subfield code="b">&#xC85;&#xCB6;&#xCBF;&#xCB8;&#xCCD;&#xCA4;&#xCBF;&#xCA8;&#xCBF;&#xC82;&#xCA6; &#xCAC;&#xCA6;&#xCC1;&#xC95;&#xCBF;&#xCB0;&#xCBF; &#xC86;&#xCB0;&#xCCB;&#xC97;&#xCCD;&#xCAF;&#xCB5;&#xCBE;&#xC97;&#xCBF;&#xCB0;&#xCBF; </subfield>
  </datafield>
  <datafield tag="260" ind1=" " ind2=" ">
    <subfield code="a">Tumakuru</subfield>
    <subfield code="b">Not Mentioned</subfield>
    <subfield code="c">2008</subfield>
  </datafield>
  <datafield tag="300" ind1=" " ind2=" ">
    <subfield code="a">153</subfield>
  </datafield>
  <datafield tag="520" ind1=" " ind2=" ">
    <subfield code="a">&#xC97;&#xCC1;&#xCB0;&#xCC2;&#xC9C;&#xCBF; &#xCB6;&#xCCD;&#xCB0;&#xCC0; &#xC8B;&#xCB7;&#xCBF; &#xCAA;&#xCCD;&#xCB0;&#xCAD;&#xCBE;&#xC95;&#xCB0; &#xC85;&#xCB5;&#xCB0; &#xCB5;&#xCBF;&#xC9A;&#xCBE;&#xCB0;&#xC97;&#xCB3;&#xCA8;&#xCCD;&#xCA8;&#xCC1; &#xCB2;&#xCC7;&#xC96;&#xC95; &#xCA8;&#xCC6;&#xCB2;&#xCCD;&#xCB2;&#xCC0;&#xC95;&#xCC6;&#xCB0;&#xCC6; &#xCB5;&#xCBF;&#xC9C;&#xCAF;&#xC95;&#xCC1;&#xCAE;&#xCBE;&#xCB0;&#xCCD; &#xC85;&#xCB5;&#xCB0;&#xCC1; &#xCAC;&#xCB0;&#xCB9;&#xC95;&#xCCD;&#xC95;&#xCBF;&#xCB3;&#xCBF;&#xCB8;&#xCBF;&#xCA6; &#xC95;&#xCC3;&#xCA4;&#xCBF;-&#xC85;&#xCB6;&#xCBF;&#xCB8;&#xCCD;&#xCA4;&#xCBF;&#xCA8;&#xCBF;&#xC82;&#xCA6; &#xCAC;&#xCA6;&#xCC1;&#xC95;&#xCBF;&#xCB0;&#xCBF;. &#xCB6;&#xCBF;&#xCB8;&#xCCD;&#xCA4;&#xCC1;&#xCAC;&#xCA6;&#xCCD;&#xCA7; &#xC9C;&#xCC0;&#xCB5;&#xCA8;&#xC95;&#xCCD;&#xC95;&#xCCA;&#xC82;&#xCA6;&#xCC1; &#xC97;&#xCC1;&#xCA1;&#xCCD; &#xCAC;&#xCC8; &#xC8E;&#xC82;&#xCAC;&#xCC1;&#xCA6;&#xCC1; &#xC95;&#xCC3;&#xCA4;&#xCBF;&#xC97;&#xCC6; &#xCA8;&#xCC0;&#xCA1;&#xCBF;&#xCB0;&#xCC1;&#xCB5; &#xC89;&#xCAA;&#xCB6;&#xCC0;&#xCB0;&#xCCD;&#xCB7;&#xCBF;&#xC95;&#xCC6;. &#xC85;&#xCB6;&#xCBF;&#xCB8;&#xCCD;&#xCA4;&#xCBF;&#xCA8;&#xCBF;&#xC82;&#xCA6; &#xCAC;&#xCA6;&#xCC1;&#xC95;&#xCBF;&#xCB0;&#xCBF; &#xC8E;&#xC82;&#xCA6;&#xCB0;&#xCC6; &#xCA8;&#xCBF;&#xCAE;&#xC97;&#xCC6; &#xCA4;&#xCBF;&#xCB3;&#xCBF;&#xCA6; &#xCB9;&#xCBE;&#xC97;&#xCC6; &#xCAC;&#xCA6;&#xCC1;&#xC95;&#xCBF;&#xCB0;&#xCBF; &#xC8E;&#xC82;&#xCA6;&#xCB0;&#xCCD;&#xCA5;. &#xCAC;&#xCA6;&#xCC1;&#xC95;&#xCA8;&#xCCD;&#xCA8;&#xCC1; &#xC97;&#xC82;&#xCAD;&#xCC0;&#xCB0;&#xCB5;&#xCBE;&#xC97;&#xCBF; &#xCB8;&#xCCD;&#xCB5;&#xCC0;&#xC95;&#xCB0;&#xCBF;&#xCB8;&#xCBF; &#xCA8;&#xCBE;&#xCB5;&#xCC7; &#xCB8;&#xCAE;&#xCB8;&#xCCD;&#xCAF;&#xCC6;&#xC97;&#xCB3;&#xCA8;&#xCCD;&#xCA8;&#xCC1; &#xC86;&#xCB9;&#xCCD;&#xCB5;&#xCBE;&#xCA8;&#xCBF;&#xC95;&#xCCA;&#xC82;&#xCA1;&#xCC1; &#xC92;&#xCA6;&#xCCD;&#xCA6;&#xCBE;&#xCA1;&#xCC1;&#xCB5;&#xCC1;&#xCA6;&#xC95;&#xCCD;&#xC95;&#xCBF;&#xC82;&#xCA4; &#xCB8;&#xCB0;&#xCB3;&#xCB5;&#xCBE;&#xC97;&#xCBF; &#xCAC;&#xCA6;&#xCC1;&#xC95;&#xCA8;&#xCCD;&#xCA8;&#xCC1; &#xCB9;&#xCC7;&#xC97;&#xCBF;&#xCA6;&#xCC6;&#xCAF;&#xCCB; &#xCB9;&#xCBE;&#xC97;&#xCC6; &#xCB8;&#xCCD;&#xCB5;&#xCC0;&#xC95;&#xCB0;&#xCBF;&#xCB8;&#xCB2;&#xCC1; &#xC95;&#xCB2;&#xCBF;&#xCAF;&#xCAC;&#xCC7;&#xC95;&#xCC1; &#xC8E;&#xC82;&#xCAC;&#xCB0;&#xCCD;&#xCA5;&#xCA6;&#xCB2;&#xCCD;&#xCB2;&#xCBF; &#xC89;&#xCAA;&#xCAF;&#xCCB;&#xC97;&#xCBF;&#xCB8;&#xCB2;&#xCBE;&#xC97;&#xCBF;&#xCA6;&#xCC6;. &#xCB9;&#xCA4;&#xCBE;&#xCB6;&#xCC6;&#xCAF;, &#xCA8;&#xCBF;&#xCB0;&#xCBE;&#xCB6;&#xCC6;&#xCAF; &#xCAC;&#xCA6;&#xCC1;&#xC95;&#xCBF;&#xC97;&#xCCA;&#xC82;&#xCA6;&#xCC1; &#xCAA;&#xCCD;&#xCB0;&#xCC7;&#xCB0;&#xCA3;&#xCBE;&#xCA4;&#xCCD;&#xCAE;&#xC95; &#xCA8;&#xCC1;&#xCA1;&#xCBF;-&#xCB8;&#xCB2;&#xCB9;&#xCC6;&#xC97;&#xCB3;&#xCBF;&#xCB0;&#xCC1;&#xCB5; &#xC95;&#xCC3;&#xCA4;&#xCBF; &#xC87;&#xCA6;&#xCC1;.</subfield>
  </datafield>
  <datafield tag="650" ind1=" " ind2=" ">
    <subfield code="a">badukiri</subfield>
    <subfield code="9">169260</subfield>
  </datafield>
  <datafield tag="650" ind1=" " ind2=" ">
    <subfield code="a">Ashistininda</subfield>
    <subfield code="9">169261</subfield>
  </datafield>
  <datafield tag="650" ind1=" " ind2=" ">
    <subfield code="a">arogyavagiri</subfield>
    <subfield code="9">169262</subfield>
  </datafield>
  <datafield tag="690" ind1=" " ind2=" ">
    <subfield code="a">Applied Psychology</subfield>
    <subfield code="9">169263</subfield>
  </datafield>
  <datafield tag="906" ind1=" " ind2=" ">
    <subfield code="a">063167</subfield>
  </datafield>
  <datafield tag="942" ind1=" " ind2=" ">
    <subfield code="2">ddc</subfield>
    <subfield code="c">BK</subfield>
  </datafield>
  <datafield tag="999" ind1=" " ind2=" ">
    <subfield code="c">134817</subfield>
    <subfield code="d">134817</subfield>
  </datafield>
  <datafield tag="952" ind1=" " ind2=" ">
    <subfield code="0">0</subfield>
    <subfield code="1">0</subfield>
    <subfield code="2">ddc</subfield>
    <subfield code="4">0</subfield>
    <subfield code="7">0</subfield>
    <subfield code="8">KAN</subfield>
    <subfield code="a">AL</subfield>
    <subfield code="b">AL</subfield>
    <subfield code="c">Psychology</subfield>
    <subfield code="d">2021-02-17</subfield>
    <subfield code="e">Athree book centre</subfield>
    <subfield code="g">100.00</subfield>
    <subfield code="l">0</subfield>
    <subfield code="o">158.1K NELA</subfield>
    <subfield code="p">063167</subfield>
    <subfield code="r">2021-02-17 00:00:00</subfield>
    <subfield code="w">2021-02-17</subfield>
    <subfield code="y">BK</subfield>
  </datafield>
</record>
